000 00427nam a2200121Ia 4500
008 220216s9999 xx 000 0 und d
100 _aRokka V M
_cet al
245 0 _aIdentification of somatic hybrids of dihaploid Solanum tuberosum lines and S. brevidens by species specific RAPD patterns and assessment of disease resistance of the hybrids
260 _bEuphytica
_c1994
300 _a207-218
650 _aRAPD
942 _cJS
999 _c60669
_d60669